000 00548nam a2200157 a 4500
008 120416s1972 ||||||||||||||||| || u
050 _aHF 5549 Mat
100 _aMatteson, Michael T
245 1 0 _aContemporary personnel management
246 _aa reader on human resources
260 _aNew York
_bCanfield Press
_c1972
300 _a[vi], 329p. : ill.
350 _a0.00
700 _aDomm, D.R
995 _D0.00
_FCBU-MAIN LIBRARY (Kitwe)
_H1
_I3.00
_M1
_UDAMAGED
_ZMain Library Open Access Collection
999 _c38656
_d38656